| 000 | 01043cam a2200337 i 4500 | ||
|---|---|---|---|
| 999 |
_c5184 _d5184 |
||
| 001 | 3210326 | ||
| 003 | OSt | ||
| 005 | 20220405074102.0 | ||
| 008 | 781013m19799999nyua b 001 0 eng | ||
| 010 | _a 78021566 | ||
| 020 | _a0808911252 (v. 1) | ||
| 020 | _a0808915673 (v. 2) | ||
| 040 |
_aDLC _cDLC _dDLC |
||
| 050 | 0 | 0 |
_aRD598 _b.C34 1979 |
| 060 | _aWG169 C267 | ||
| 082 | 0 | 0 | _a617/.967/412 |
| 245 | 0 | 0 |
_aCardiac anesthesia / _cedited by Joel A. Kaplan. |
| 260 |
_aNew York : _bGrune & Stratton, _cc1979-<c1983 > |
||
| 300 |
_av. <1-2 > : _bill. ; _c26 cm. |
||
| 440 | 0 | _aClinical cardiology monographs | |
| 504 | _aIncludes bibliographical references and indexes. | ||
| 505 | 1 | _a[v. 1. without special title].--v. 2. Cardiovascular pharmacology. | |
| 650 | 0 | _aAnesthesia in cardiology. | |
| 650 | 0 |
_aHeart _xSurgery. |
|
| 650 | 2 | _aAnesthesia. | |
| 650 | 2 |
_aHeart _xDrug effects. |
|
| 650 | 2 | _aHeart surgery. | |
| 700 | 1 | _aKaplan, Joel A. | |
| 906 |
_a7 _bcbc _corignew _d1 _eocip _f19 _gy-gencatlg |
||
| 942 |
_2lcc _cBK _nCM |
||